00209nam a2200073Ia 4500008004100000082001300041100002300054245005800077240331s9999 xx 000 0 und d a300bNIE aNieuwenhuijze, Van 0aOn Social Devalopment :bthe Social Welfare Approach